African songs / (Record no. 23930)

MARC details
000 -LEADER
fixed length control field 00524nam a2200193Ia 4500
008 - FIXED-LENGTH DATA ELEMENTS--GENERAL INFORMATION
fixed length control field 210303s9999 xx 000 0 und d
016 ## - NATIONAL BIBLIOGRAPHIC AGENCY CONTROL NUMBER
Source reto2022b
040 ## - CATALOGING SOURCE
Original cataloging agency NLN
Language of cataloging English
Description conventions AACR2
100 ## - MAIN ENTRY--AUTHOR
Author RIVE, Richard
Relator term aut
245 #0 - TITLE STATEMENT
Title African songs /
Statement of responsibility, etc Richard Rive
260 ## - PUBLICATION, DISTRIBUTION, ETC. (IMPRINT)
Place of publication Berlin :
Name of publisher Seven Seas Publishers,
Date of publication 1963.
300 ## - COLLATION
Pagination 149p. ;
Other physical details 18cm.
563 ## - BINDING INFORMATION
Binding note (pbk)
650 ## - TRACINGS
Main Subject Short stories, Southern African
942 ## - ADDED ENTRY ELEMENTS (KOHA)
Item type Books
Suppress in OPAC No
050 ## - LIBRARY OF CONGRESS CALL NUMBER
Classification number PZ1
Item number .A258
082 ## - DEWEY DECIMAL CLASSIFICATION NUMBER
Classification number 808.831
Holdings
Withdrawn status Lost status Source of classification or shelving scheme Damaged status Not for loan Home library Current library Date acquired Total Checkouts Full call number Barcode. Date last seen Price effective from Koha item type
    Library of Congress Classification     LAGOS BRANCH National Library of Nigeria 04/03/2021   PZ1.R616 A258 2024-555555551001189 04/03/2021 04/03/2021 Books

National Library of Nigeria OPAC is powered by Koha